Countries in the Arctic Circle - Statistics

General Stats
  • This quiz has been taken 437 times
  • The average score is 8 of 8
Answer Stats
Hint Answer % Correct
North America Canada
99%
Europe Finland
99%
Europe Norway
99%
Asia/Europe Russia
99%
Europe Sweden
99%
Europe Iceland
97%
North America Usa
96%
Europe Greenland
95%
No matching quizzes found
Score Distribution
Percent of People with Each Score
Percentile by Number Answered
Your Score History
You have not taken this quiz